000 00615nam a2200169 4500
001 121903
003 ES-MaACL
005 20230906191848.0
007 t|
008 070214s1984 fr r ||||1| fre d
100 1 _aPoats, Rutherford M.
_992680
245 1 0 _aCoopération pour le développement
_b: efforts et politiques poursuivis par les membres du comité d'aide au développement : rapport /
_cde Rutherford M. Poats.
260 _aParis :
_bOCDE,
_c1984.
300 _a291 p. ;
_c23 cm.
710 2 _aOrganización de Cooperación y Desarrollo Económico.
_9167502
852 _aES-MaACL
_jL-10185
_bR.112180
999 _c121903
_d121903